<?xml version="1.0" encoding="UTF-8"?>
<record
    xmlns:xsi="http://www.w3.org/2001/XMLSchema-instance"
    xsi:schemaLocation="http://www.loc.gov/MARC21/slim http://www.loc.gov/standards/marcxml/schema/MARC21slim.xsd"
    xmlns="http://www.loc.gov/MARC21/slim">

  <leader>02027nam a22002537a 4500</leader>
  <controlfield tag="005">20241213123835.0</controlfield>
  <controlfield tag="008">241213b           ||||| |||| 00| 0 eng d</controlfield>
  <datafield tag="020" ind1=" " ind2=" ">
    <subfield code="a">9789359599878</subfield>
  </datafield>
  <datafield tag="040" ind1=" " ind2=" ">
    <subfield code="c">AL</subfield>
  </datafield>
  <datafield tag="041" ind1=" " ind2=" ">
    <subfield code="a">English</subfield>
  </datafield>
  <datafield tag="082" ind1=" " ind2=" ">
    <subfield code="2">23</subfield>
    <subfield code="a">032.02 </subfield>
    <subfield code="b">MANO</subfield>
  </datafield>
  <datafield tag="100" ind1=" " ind2=" ">
    <subfield code="a">Malayala Manorama</subfield>
    <subfield code="9">190772</subfield>
  </datafield>
  <datafield tag="245" ind1=" " ind2=" ">
    <subfield code="a">Manorama Year Book  2025</subfield>
  </datafield>
  <datafield tag="260" ind1=" " ind2=" ">
    <subfield code="a">Kottayam </subfield>
    <subfield code="b">Malayala Manorama</subfield>
    <subfield code="c">2024</subfield>
  </datafield>
  <datafield tag="300" ind1=" " ind2=" ">
    <subfield code="a">1007 p</subfield>
    <subfield code="b">PB</subfield>
    <subfield code="c">20x12.5 cm.</subfield>
  </datafield>
  <datafield tag="365" ind1=" " ind2=" ">
    <subfield code="a">5487</subfield>
    <subfield code="b">&#x20B9;280.00</subfield>
    <subfield code="c">&#x20B9;</subfield>
    <subfield code="d">&#x20B9;350.00</subfield>
    <subfield code="e">20%</subfield>
    <subfield code="f">10-12-2024</subfield>
  </datafield>
  <datafield tag="520" ind1=" " ind2=" ">
    <subfield code="a">Manorama Yearbook in its 60Manorama yearbook 2025 consists of an article by Droupadi Murmu, the President of India, exclusively for the readers of the Yearbook. There are also articles by Union Minister Rajnath Singh and Isro Chairman Somanath. The Yearbook also carries over 25 articles by experts on a wide variety of topics. Here is a broad outline of the contents of English Yearbook 2025 &#xB7; A Detailed Comparison of Indian States. &#xB7; Artificial Intelligence and the Future. &#xB7; Article by Jayanti Ghose on Massive Open Online Courses. &#xB7; Article by Dr. Muralee Thummarukudy &amp; Neerja Janaki on Foreign Scholarships for Indian. Students &#xB7; Cold War 2.0 : Th New Global Tensions by Professor M D Nalapat. &#xB7; Geopolitical Conflcts Around the World and their Ramifiations: Pranab N Desai. &#xB7; New Criminal Laws: Old Wine in New Bottle by Apoorv Agarwal. &#xB7; A Gist of Economic Survey of India. &#xB7; Quiztival 2025 : A quiz on 100 topics featuring 1000 questions. &#xB7; Sections on Science and Medicine, Information Technology, Geography and Space, Indian History, Indian Economy, Art, Cultur and Cinema, and Gender and Social Justice, World Panorama. &#xB7; International Relations and General Knowledge. &#xB7; Major Books of 2024. &#xB7; Who&#x2019;s Who of Eminent Personalities from important walks of life.</subfield>
  </datafield>
  <datafield tag="650" ind1=" " ind2=" ">
    <subfield code="a">India and World</subfield>
    <subfield code="9">190767</subfield>
  </datafield>
  <datafield tag="650" ind1=" " ind2=" ">
    <subfield code="a">Government Initiatives</subfield>
    <subfield code="9">190768</subfield>
  </datafield>
  <datafield tag="650" ind1=" " ind2=" ">
    <subfield code="a">Calendar of Events</subfield>
    <subfield code="9">190769</subfield>
  </datafield>
  <datafield tag="650" ind1=" " ind2=" ">
    <subfield code="a">General Knowledge</subfield>
    <subfield code="9">190770</subfield>
  </datafield>
  <datafield tag="700" ind1=" " ind2=" ">
    <subfield code="a">MATHEW (Mammen) Ed</subfield>
    <subfield code="9">190771</subfield>
  </datafield>
  <datafield tag="942" ind1=" " ind2=" ">
    <subfield code="2">ddc</subfield>
    <subfield code="c">BK</subfield>
  </datafield>
  <datafield tag="999" ind1=" " ind2=" ">
    <subfield code="c">232836</subfield>
    <subfield code="d">232836</subfield>
  </datafield>
  <datafield tag="952" ind1=" " ind2=" ">
    <subfield code="0">0</subfield>
    <subfield code="1">0</subfield>
    <subfield code="2">ddc</subfield>
    <subfield code="4">0</subfield>
    <subfield code="7">3</subfield>
    <subfield code="8">GEN</subfield>
    <subfield code="a">AL</subfield>
    <subfield code="b">AL</subfield>
    <subfield code="d">2024-12-13</subfield>
    <subfield code="e">Biblios Book Point Surathkal Mangalore-575014</subfield>
    <subfield code="g">280.00</subfield>
    <subfield code="l">0</subfield>
    <subfield code="o">032.02  MANO</subfield>
    <subfield code="p">077440</subfield>
    <subfield code="r">2024-12-13 00:00:00</subfield>
    <subfield code="v">350.00</subfield>
    <subfield code="w">2024-12-13</subfield>
    <subfield code="y">BK</subfield>
  </datafield>
</record>
